00261nam a2200097Ia 4500008004100000041000800041100002100049245003900070260003500109999001900144241105s9999 xx 000 0 und d aeng aGupta R.9108128 aResidential School Of Architecture bFinal Year B. Arch, BNCAc2005 c360248d360248